| 000 | 00338nam a22001217a 4500 | ||
|---|---|---|---|
| 008 | 110505b xxu||||| |||| 00| 0 eng d | ||
| 020 | _a9781879767041 | ||
| 100 | 1 | _aCastenholz, Bill | |
| 245 | 1 | 0 | _aIntroduction to Revenue Stamps, An |
| 260 |
_aUS _bCastenholz & Sons |
||
| 650 | 0 | _aAntiques & Collectibles | |
| 650 | 0 | _aRevenues | Revenue Stamps | |
| 999 |
_c196 _d196 |
||